000 00435nam a2200169Ia 4500
008 100405t1990 xxu||||| |||| 00| 0 sin d
041 _asin
080 _aX8S31
_bWIC
100 _aWickramasingha, Martin
245 _aවිරාගය
246 _aViragaya ( LIB / 63 / 6 / 25 )
260 _bThisara
_aDehiwala
_c1990
300 _a170p., 21 cm
942 _cBK
999 _c70680
_d70680
003 LK-CoDNM
040 _aLK-CoDNM
_dLK-CoDNM
_eLK-CoDNM